[Event "8th Holuj-Radzikowska 2018"]
[Site "Wroclaw"]
[Date "2018.12.05"]
[Round "2"]
[White "Socko, Monika"]
[Black "Harika, Dronavalli"]
[Result "1/2-1/2"]
[WhiteElo "2458"]
[BlackElo "2494"]
[Annotator "TA"]
[PlyCount "60"]
[EventDate "2018.11.26"]
[EventType "schev"]
[EventCountry "POL"]
[SourceTitle "playchess.com"]
[Source "ChessBase"]
[SourceQuality "1"]
[WhiteTeam "Poland"]
[BlackTeam "World"]

{[%evp 21,60,17,31,21,31,29,25,28,27,9,12,23,44,28,28,28,28,28,28,28,27,27,31,27,37,-7,0,0,15,12,11,15,27,14,29,29,29,29,29,29,32]} 1. d4 d6 2. Nf3 Nf6 3. c4 g6 4. g3 Bg7 5. Bg2 O-O 6. O-O Nbd7 7. Qc2 e5 8. Rd1 Qe7 9. Nc3 c6 10. b3 Re8 11. e3 exd4 {LiveBook: 8 Games. E67: King's Indian: Fianchetto: 6...Nbd7} 12. exd4 Nf8 13. Re1 Qd8 14. Rxe8 Qxe8 15. Bb2 $146 ({Predecessor:} 15. Bf4 Bf5 16. Qd2 Qd7 17. Re1 Ne6 18. Bh6 Nc7 19. Bxg7 Kxg7 {1-0 (30) Pavlovic,M (2471)-Vazelakis,D (2059) Nikea 2005}) 15... Bf5 16. Qd2 Qd7 17. Re1 Re8 18. d5 Rxe1+ 19. Nxe1 {[%cal Bf3e1,Be1c2,Bc2e3][%mdl 32]} c5 20. Nc2 a6 21. Ne3 Bh3 22. Qe2 h5 23. f4 Bxg2 24. Kxg2 Qe8 25. Ned1 Qxe2+ 26. Nxe2 N8d7 27. Kf3 Kf8 28. Ne3 {White has an edge.} Ne8 29. Bxg7+ Kxg7 30. Nc3 Kf8 {Accuracy: White = 68%, Black = 52%.} 1/2-1/2

[Event "8th Holuj-Radzikowska 2018"]
[Site "Wroclaw"]
[Date "2018.12.05"]
[Round "2"]
[White "Skripchenko, Almira"]
[Black "Zawadzka, Jolanta"]
[Result "1/2-1/2"]
[WhiteElo "2408"]
[BlackElo "2423"]
[Annotator "TA"]
[PlyCount "64"]
[EventDate "2018.11.26"]
[EventType "schev"]
[EventCountry "POL"]
[SourceTitle "playchess.com"]
[Source "ChessBase"]
[SourceQuality "1"]
[WhiteTeam "World"]
[BlackTeam "Poland"]

{[%evp 21,64,0,5,-12,0,0,6,0,15,0,0,0,0,0,0,0,0,0,0,0,0,0,0,0,0,0,0,0,0,0,0,0,0,-10,0,0,0,0,0,0,0,0,0,0,0]} 1. Nf3 d5 2. g3 Nf6 3. Bg2 e6 4. O-O Be7 5. c4 O-O 6. b3 b6 7. Bb2 Bb7 8. cxd5 Nxd5 9. Nc3 c5 10. Nxd5 Bxd5 11. d3 Bf6 {LiveBook: 3 Games. The position is equal. A14: English Opening: 1...e6 with b3 by White} 12. Qd2 Nd7 13. Rfc1 (13. Rfd1 Rc8 14. Rac1 Bxb2 15. Qxb2 Qe7 16. a3 Rc7 17. Rc2 Rfc8 18. Rdc1 Qd6 19. Nd2 Bxg2 20. Kxg2 {1-0 (32) Horvath,C (2519)-Fuochi,T (2055) Cesenatico 2018}) 13... Rc8 14. d4 $146 ({Predecessor:} 14. Rab1 Rc7 15. Qf4 Bxf3 16. Qxf3 Bxb2 17. Rxb2 Qf6 18. Qxf6 Nxf6 19. d4 {½-½ (31) Roos,D (2385)-Prie,E (2355) France 1984}) 14... cxd4 15. Rxc8 Qxc8 16. Rc1 Qb7 17. Bxd4 Rc8 {[#] Hoping for ...Rxc1+.} 18. Rxc8+ Qxc8 19. Bxf6 Nxf6 20. Nd4 h6 21. Bxd5 Nxd5 22. Nb5 a6 23. e4 Nf6 24. Nc3 b5 25. Qd4 Qc6 26. f3 $1 Nd7 27. Kf2 f6 28. Ke3 Kf7 29. f4 g5 30. h3 Ke7 31. Qb4+ Kf7 32. Qd4 Ke7 {Accuracy: White = 72%, Black = 57%.} 1/2-1/2

[Event "8th Holuj-Radzikowska 2018"]
[Site "Wroclaw"]
[Date "2018.12.05"]
[Round "2"]
[White "Warakomska, Anna"]
[Black "Paehtz, Elisabeth"]
[Result "0-1"]
[WhiteElo "2233"]
[BlackElo "2487"]
[Annotator "RC"]
[PlyCount "72"]
[EventDate "2018.11.26"]
[EventType "schev"]
[EventCountry "POL"]
[SourceTitle "playchess.com"]
[Source "ChessBase"]
[SourceQuality "1"]
[WhiteTeam "Poland"]
[BlackTeam "World"]
[TimeControl "40/5400+30:1800+30"]

1. e4 {[%emt 0:00:00]} e5 {[%emt 0:00:00]} 2. Nf3 {[%emt 0:00:00]} Nc6 {[%emt 0:00:00]} 3. Bc4 {[%emt 0:00:00]} Nf6 {[%emt 0:00:00]} 4. d3 {[%emt 0:00:00]} Be7 {[%emt 0:01:31]} 5. O-O {[%emt 0:01:19]} O-O {[%emt 0:00:05]} 6. Re1 {[%emt 0:00:46]} d6 {[%emt 0:00:06]} 7. a4 {[%emt 0:01:12]} Be6 {[%emt 0:00:52]} 8. Bxe6 {[%emt 0:07:08]} fxe6 {[%emt 0:00:04]} 9. c3 {[%emt 0:00:26]} Nd7 {[%emt 0:08:31]} 10. Be3 {[%emt 0:08:06]} Qe8 {[%emt 0:03:57]} 11. Qb3 {[%emt 0:07:34]} Nd8 {[%emt 0:00:04]} 12. Nbd2 {[%emt 0:00:37]} Qg6 {[%emt 0:06:14]} 13. d4 {[%emt 0:09:17]} Bf6 {[%emt 0:00:11]} 14. a5 {[%emt 0:02:46]} a6 {[%emt 0:03:30]} 15. Qa4 {[%emt 0:09:24]} Qf7 {[%emt 0:02:02]} 16. Rad1 {[%emt 0:09:42]} Nc6 {[%emt 0:00:59]} 17. Nb3 {[%emt 0:06:24]} exd4 {[%emt 0:11:02]} 18. cxd4 {[%emt 0:00:26]} d5 {[%emt 0:00:04]} 19. e5 {[%emt 0:02:50]} Bd8 {[%emt 0:00:27]} 20. Re2 {[%emt 0:04:56]} Qh5 {[%emt 0:08:42]} 21. Nbd2 {[%emt 0:04:26]} Rf7 {[%emt 0:01:14]} 22. Rc1 {[%emt 0:07:55]} Na7 {[%emt 0:00:18]} 23. Nf1 {[%emt 0:00:56]} Nb5 {[%emt 0:04:49]} 24. Ng3 {[%emt 0:01:08]} Qg6 {[%emt 0:00:07]} 25. Ne1 {[%emt 0:01:56]} c5 {[%emt 0:01:50]} 26. f4 {[%emt 0:07:26]} cxd4 {[%emt 0:04:45]} 27. Bd2 {[%emt 0:00:04]} Qg4 {[%emt 0:14:52]} 28. Nd3 {[%emt 0:01:39]} Bh4 {[%emt 0:07:52]} 29. Nf2 {[%emt 0:01:24]} Qg6 {[%emt 0:00:03]} 30. f5 {[%emt 0:01:22]} Rxf5 {[%emt 0:00:02]} 31. Nxf5 {[%emt 0:00:04]} Qxf5 {[%emt 0:00:03]} 32. g3 {[%emt 0:04:04]} Qf3 {[%emt 0:02:13]} 33. Qd1 {[%emt 0:00:30]} Bxg3 {[%emt 0:03:08]} 34. hxg3 {[%emt 0:00:03]} Qxg3+ {[%emt 0:00:04]} 35. Kf1 {[%emt 0:00:51]} Rf8 {[%emt 0:00:27]} 36. Qe1 {[%emt 0:00:42]} Qh2 {[%emt 0:00:21]} 0-1

[Event "8th Holuj-Radzikowska 2018"]
[Site "Wroclaw"]
[Date "2018.12.06"]
[Round "3"]
[White "Harika, Dronavalli"]
[Black "Szczepkowska, Karina"]
[Result "1/2-1/2"]
[WhiteElo "2494"]
[BlackElo "2408"]
[Annotator "TA RC"]
[PlyCount "164"]
[EventDate "2018.11.26"]
[EventType "schev"]
[EventCountry "POL"]
[SourceTitle "playchess.com"]
[Source "ChessBase"]
[SourceQuality "1"]
[WhiteTeam "World"]
[BlackTeam "Poland"]
[BlackTeamCountry "POL"]

{[%evp 22,164,17,18,22,0,33,29,29,25,37,0,0,4,18,0,0,0,0,0,0,0,0,0,17,19,19,18,19,16,16,18,49,17,19,18,27,25,42,23,45,50,120,39,63,63,101,63,101,95,74,63,63,63,146,146,137,63,63,63,63,63,63,63,63,63,63,18,63,63,63,48,48,48,48,0,48,0,0,0,0,0,10,10,48,48,48,48,48,0,13,0,48,48,48,0,48,48,48,48,48,48,48,41,48,48,48,48,48,48,48,48,48,41,48,15,15,0,0,0,0,0,37,0,0,0,0,0,0,0,0,0,0,0,0,0,0,0,0,0,0,0,0,0,0]} 1. e4 e5 2. Nf3 Nc6 3. Bb5 {[%cal Bf1b5,Bb5a4,Ba4b3][%mdl 32]} a6 4. Ba4 Nf6 5. O-O Be7 6. Re1 b5 7. Bb3 O-O 8. a4 b4 9. a5 d6 10. d3 Be6 11. Bxe6 {C88: Closed Ruy Lopez: Anti-Marshall Systems} fxe6 12. Nbd2 {LiveBook: 14 Games} Qe8 13. c3 {[#]} bxc3 $146 ({Predecessor:} 13... Rb8 14. d4 bxc3 15. bxc3 exd4 16. cxd4 Rb5 17. Ba3 Qd7 18. Qc2 Nxa5 {0-1 (40) Motylev,A (2668)-Tomashevsky,E (2710) Sochi 2017}) 14. bxc3 Nd7 15. Qa4 Nc5 {[%mdl 64] [#] Double Attack} 16. Qc4 Qd7 {next ...d5 is good for Black.} 17. d4 d5 18. Qe2 exd4 19. cxd4 dxe4 20. dxc5 exf3 21. Nxf3 Bxc5 22. Ba3 Nd4 23. Nxd4 Qxd4 24. Bxc5 Qxc5 25. Qxe6+ Kh8 26. Qe3 Qf5 27. h3 h6 28. Qg3 Rf7 29. Re5 $36 {[%mdl 2048] White has the initiative.} Qd7 30. Rc1 Qd6 31. Qe3 Qb4 (31... Rf6 $14) 32. Rec5 (32. Rc6 $16) 32... Raf8 33. f3 Rd7 34. Qe5 Qd4+ 35. Qxd4 Rxd4 $16 {[%mdl 4096] Endgame KRR-KRR} 36. Rc6 Rf5 37. Rxa6 Ra4 ({Black should play} 37... Kh7 $1 $14) 38. Rxc7 Rg5 39. Rac6 (39. h4 $16 Rgxa5 40. Rg6) 39... Ra2 $14 40. Rc2 Rxc2 41. Rxc2 Rxa5 {KR-KR} 42. Kf2 Kh7 43. Rc6 h5 44. Re6 Ra7 45. Kg3 g6 46. f4 Ra2 47. Re7+ Kh6 48. Rf7 Rb2 (48... h4+ $5 49. Kxh4 Rxg2 $14) 49. Kf3 Rb3+ 50. Kf2 Rb2+ 51. Kg3 Ra2 (51... h4+ $5 52. Kxh4 Rxg2 $14) 52. Re7 Rb2 53. Kf3 Rb3+ 54. Re3 Rb7 55. Ke4 Re7+ 56. Kf3 Ra7 57. Kg3 Ra2 58. Kf3 Ra7 59. g3 Kg7 60. Rb3 Re7 61. Ra3 Rb7 62. Ke4 Rb4+ 63. Ke3 Rb7 64. Rd3 Re7+ 65. Kf3 Ra7 66. Rc3 Rb7 67. Ke4 Rb4+ 68. Ke5 Rb5+ 69. Ke6 Rb6+ 70. Kd7 Rf6 71. Rc4 Rf7+ 72. Kc8 {[#] Threatens to win with Rc7.} Rf8+ {The position is equal.} 73. Kb7 Re8 74. Rc3 Re4 75. Kc6 h4 76. Kd5 Ra4 77. Ke5 Ra5+ 78. Ke4 hxg3 79. Rxg3 Ra4+ 80. Kf3 Kf6 81. h4 Ra3+ 82. Kg4 Ra1 {Accuracy: White = 56%, Black = 65%.} 1/2-1/2

[Event "8th Holuj-Radzikowska 2018"]
[Site "Wroclaw"]
[Date "2018.12.06"]
[Round "3"]
[White "Paehtz, Elisabeth"]
[Black "Socko, Monika"]
[Result "1/2-1/2"]
[WhiteElo "2487"]
[BlackElo "2458"]
[Annotator "TA"]
[PlyCount "93"]
[EventDate "2018.11.26"]
[EventType "schev"]
[EventCountry "POL"]
[SourceTitle "playchess.com"]
[Source "ChessBase"]
[SourceQuality "1"]
[WhiteTeam "World"]
[BlackTeam "Poland"]
[BlackTeamCountry "POL"]

{[%evp 22,93,16,0,20,3,62,57,58,66,50,37,50,50,64,34,39,26,37,16,71,10,14,14,14,18,29,7,25,11,25,3,29,0,0,0,0,0,0,0,0,0,0,0,0,0,0,-40,0,0,0,0,0,-107,-106,-94,-14,-14,-12,-14,-14,-15,-2,-7,0,-9,0,-6,0,0,129,104,113,-23]} 1. d4 Nf6 2. Nf3 e6 3. c4 b6 4. g3 Bb7 5. Bg2 c5 6. O-O cxd4 7. Qxd4 Nc6 8. Qf4 Ne7 {A30: Symmetrical English: Double Fianchetto and Hedgehog} 9. Nc3 Ng6 10. Qd4 (10. Qd2 Bb4 11. Qd3 O-O 12. Bd2 Rc8 13. Rac1 a6 14. b3 Ba3 15. Rcd1 d5 16. cxd5 Nxd5 17. Nxd5 Qxd5 18. Qxd5 Bxd5 {0-1 (59) Melkumyan,H (2660)-Iturrizaga Bonelli,E (2636) chess.com INT 2018}) 10... Bc5 11. Qd3 O-O 12. Bg5 {LiveBook: 4 Games} Be7 13. Rad1 $146 ({Predecessor:} 13. Rfd1 Ba6 14. e4 Rc8 15. b3 h6 16. Bxf6 Bxf6 {½-½ (75) Molnar,E (2179)-Dekany,L (2144) Hungary 2002}) 13... d5 (13... Rc8 $11) 14. Bxf6 $14 Bxf6 15. cxd5 exd5 16. b3 {[%cal Rc3d5]} Re8 17. e3 {[%cal Rc3d5]} Qc8 18. Nb5 {And now Rc1 would win.} Qd7 19. a4 Rec8 20. h4 Rc5 (20... a6 $11 21. Nbd4 a5) 21. Nbd4 (21. b4 $16 Rcc8 22. Ng5) 21... a5 22. Rfe1 Ba6 23. Qb1 Re8 24. Kh2 Ne5 25. Nxe5 Bxe5 26. Kg1 Qc7 27. Qf5 g6 28. Qf3 h5 29. Bf1 Bc8 {Strongly threatening ...Bg4.} 30. Qg2 Bg4 31. Be2 Qc8 32. Bxg4 Qxg4 33. Qf1 Rec8 34. Kg2 Kg7 (34... Rc2 $5 35. Nxc2 Rxc2 $17) 35. Rd2 Bf6 36. Qe2 Qe4+ 37. f3 {[#]} (37. Qf3 $11) 37... Qe7 $1 $17 38. Nb5 {[#]} Re8 (38... Bc3 $1 $17 {[%cal Rc3d2]} 39. Nxc3 Rxc3) 39. Qd3 $11 Qe6 40. Ree2 Qc6 41. Na7 Qc7 (41... Qa8 $5 42. Nb5 $8 Qc6 $11) 42. Nb5 Qc6 43. Na7 $132 {[%mdl 2048] White is not keeping still} Qc7 (43... Qa8 $5 44. Nb5 $8 Qc6 $11) 44. Nb5 Qb8 45. Rc2 Be5 (45... Rxc2 $11 46. Rxc2 Qe5) 46. f4 Bf6 47. Rcd2 {Accuracy: White = 61%, Black = 41%.} (47. Rxc5 $16 bxc5 48. Qxd5) 1/2-1/2

[Event "8th Holuj-Radzikowska 2018"]
[Site "Wroclaw"]
[Date "2018.12.06"]
[Round "3"]
[White "Zawadzka, Jolanta"]
[Black "Abdumalik, Zhansaya"]
[Result "0-1"]
[WhiteElo "2423"]
[BlackElo "2470"]
[Annotator "TA"]
[PlyCount "162"]
[EventDate "2018.11.26"]
[EventType "schev"]
[EventCountry "POL"]
[SourceTitle "playchess.com"]
[Source "ChessBase"]
[SourceQuality "1"]
[WhiteTeam "Poland"]
[BlackTeam "World"]
[WhiteTeamCountry "POL"]

{[%evp 30,162,-7,-8,0,-14,0,-13,-12,-18,0,0,-5,-2,-14,-18,-16,-50,-52,-43,-21,-33,-25,-28,-21,-94,-103,-85,-88,-98,-89,-94,-87,-117,-116,-109,-86,-120,-85,-87,-70,-84,-94,-83,-70,-89,-81,-92,-79,-102,-121,-118,-117,-117,-83,-102,-93,-91,-93,-100,-108,-102,-102,-100,-85,-81,-76,-74,-69,-99,-79,-101,-20,-161,-114,-114,-114,-102,-54,-83,0,-110,-86,-116,-118,-313,-203,-408,-430,-422,-408,-597,-420,-421,-381,-395,-395,-911,-911,-29965,-29966,-5804,-755,-5704,-709,-10523,-12791,-10523,-10523,-29953,-5588,-4790,-2495,-2318,-1884,-1884,-1678,-29960,-29959,-29953,-29960,-12850,-12843,-6107,-5193,-29976,-29976,-29981,-29979,-29986,-29987,-29987,-29988,-29988,-29989]} 1. e4 e5 2. Nf3 Nc6 3. Bb5 a6 4. Ba4 Nf6 5. O-O Be7 6. Re1 b5 7. Bb3 O-O 8. d4 {[%cal Bd2d4,Bd4d5][%mdl 32]} d6 9. c3 Bg4 10. d5 Na5 11. Bc2 Qc8 12. h3 Bd7 13. Nbd2 c6 14. dxc6 Qxc6 15. Nf1 Rfc8 {C91: Closed Ruy Lopez: 7...d6 8 c3 0-0 9 d4} 16. Ng3 {LiveBook: 5 Games} (16. Ne3 Nc4 17. Nf5 Bxf5 18. exf5 h6 19. a4 Bd8 20. b3 Nb6 21. axb5 axb5 22. Rxa8 Rxa8 23. Bb2 {½-½ (80) Perunovic,M (2622)-Karjakin,S (2762) Berlin 2015}) 16... Rab8 17. Re2 g6 $146 {The position is equal.} ({Predecessor:} 17... Bf8 18. Bg5 Ne8 19. b4 Nc4 20. Bb3 Be6 21. a4 Nc7 22. Rea2 f6 23. axb5 axb5 {½-½ (31) Madeira Wagner,M-Reis,C Brazil CXEB 1980}) 18. Bg5 Nc4 {[%cal Ba5c4,Bc4b6,Bb6d7,Bd7c5][%mdl 32]} 19. Bd3 a5 20. b3 Nb6 21. Rc1 a4 22. Bb1 Be6 23. Ne1 Nbd7 24. Nd3 Nc5 25. Nb4 Qd7 {[%cal Ra4b3]} 26. Rb2 Kg7 27. Qf3 (27. f4 $11 {remains equal.}) 27... axb3 $17 28. axb3 Bxb3 29. Ba2 Be6 30. Qe3 Na4 31. Rd2 Bxa2 32. Rxa2 Qe6 33. Rd2 Nb6 {Hoping for ...Nc4.} 34. Rd3 Nc4 35. Qe2 h6 36. Bxf6+ Bxf6 37. Nf1 Bg5 38. Rcd1 Ra8 39. Nh2 Ra3 40. Nf3 Bd8 41. Rb1 Rca8 42. Kh2 h5 {[%cal Bh6h5,Bh5h4][%mdl 32]} 43. Ne1 Ra1 44. Rdd1 Rxb1 45. Rxb1 Qc8 46. Nec2 h4 47. Nd5 Ra2 48. Ndb4 Ra5 49. Rd1 Bb6 50. Nd5 Bc5 ({Black should try} 50... Ra2 $17 51. Ndb4 Rb2) 51. Ne1 (51. Nce3 $11 {and White is okay.}) 51... Qa8 52. Qf3 {aiming for Qf6+.} Qd8 53. Nd3 Qg5 54. Nc7 Qd8 55. Nd5 Ra2 56. Nxc5 dxc5 57. Rd3 $2 (57. Kg1 $17 {keeps fighting.}) 57... Qg5 {White must now prevent ...Nd2.} 58. Nc7 $2 (58. Rd1 {was forced.}) 58... Qf4+ $19 59. Qxf4 exf4 {[%mdl 4096] Endgame KRN-KRN} 60. Kg1 (60. Ne8+ $142 Kf8 61. Nd6) 60... Ra1+ 61. Kh2 b4 62. cxb4 cxb4 63. Nd5 $2 {[#]} (63. Ne8+ Kh6 64. Nd6 Nxd6 65. Rxd6) 63... b3 $1 {[%mdl 512]} 64. Rd4 (64. Rxb3 Nd2) 64... b2 65. Nc3 {[#]} Na3 (65... Ne3 $142 $1 {[%mdl 512]} 66. fxe3 fxe3) 66. Ra4 {[#]} Rc1 (66... Nb5 $142 $1 {[%mdl 512]} 67. Rb4 (67. Nxb5 Rxa4) 67... Nxc3 68. Rxb2 Nxe4) 67. Rxa3 {[#]} Rxc3 $1 {[%mdl 576] Remove Defender, Promotion} 68. Rxc3 b1=Q {KQ-KR} 69. f3 Qb5 (69... Qb2 $142 70. Rc5 Qb6 71. Re5 f6 72. Re7+ Kh6 73. Re8 g5 74. e5 Kg7 75. exf6+ Qxf6 76. Rc8 Qb6 77. Re8 Qd6 78. Ra8 Qc5 79. Re8 Kf6 80. Kh1 Kf7 81. Re1 Qb5 82. Rc1 Kf6 83. Kh2 Qe5 84. Rc8 Qd6 85. Re8 Kf5 86. Ra8 Qc7 87. Rf8+ Ke5 88. Re8+ Kf5 89. Rf8+ Ke6 90. Ra8 Qc5 91. Ra6+ Kf5 92. Rh6 Qc4 93. Rh8 Qd5 94. Rb8 Qc5 95. Rd8 Kf6 96. Rd7 Ke5 97. Rg7 Kf5 98. Rb7 Qc4 99. Rb6 Qc5 100. Rb8 Qd5 101. Rf8+ Kg6 102. Re8 Qd6 103. Ra8 Qd5 104. Rb8 Kf6 105. Rf8+ Kg6 106. Rb8 Kf5 107. Rf8+ Kg6) 70. Rc2 Kf6 71. Rd2 Qb4 72. Rd5 Qe1 73. Rd8 Kg7 74. Rd5 f6 75. Rd7+ Kf8 76. Rd6 Ke7 77. Rd5 g5 {Black mates.} 78. Rf5 Ke6 79. Rd5 g4 80. fxg4 Qg3+ 81. Kh1 f3 {Accuracy: White = 30%, Black = 66%.} 0-1

[Event "8th Holuj-Radzikowska 2018"]
[Site "Wroclaw"]
[Date "2018.12.06"]
[Round "3"]
[White "Kulon, Klaudia"]
[Black "Javakhishvili, Lela"]
[Result "1/2-1/2"]
[WhiteElo "2333"]
[BlackElo "2464"]
[Annotator "TA"]
[PlyCount "44"]
[EventDate "2018.11.26"]
[EventType "schev"]
[EventCountry "POL"]
[SourceTitle "playchess.com"]
[Source "ChessBase"]
[SourceQuality "1"]
[WhiteTeam "Poland"]
[BlackTeam "World"]
[WhiteTeamCountry "POL"]

{[%evp 24,44,37,49,50,-17,-20,-45,33,-7,-7,-76,-69,-110,-109,-136,-34,-20,0,-125,0,-18,0]} 1. e4 c5 2. Nf3 e6 3. d4 cxd4 4. Nxd4 a6 5. Bd3 Bc5 6. Nb3 Ba7 7. Qg4 Nf6 8. Qg3 Nc6 {B42: Sicilian: Kan Variation: 5 Bd3} 9. Nc3 d6 (9... Nh5 10. Qh3 Nf6 11. Bg5 h6 12. O-O b5 13. Kh1 Bb7 14. f4 Rg8 15. Bxf6 gxf6 16. Qxh6 {1-0 (51) Timofeev,A (2598)-Kamsky,G (2670) Kazan 2016}) 10. Bg5 h6 11. Bd2 Ne5 12. Be2 b5 13. f4 {LiveBook: 6 Games} ({Wrong is} 13. Qxg7 $2 Bxf2+ $1 {[%mdl 512]} 14. Kxf2 Rg8 $19) 13... Ng6 14. e5 (14. a3 $14) 14... dxe5 $11 {...b4 is the strong threat.} 15. fxe5 $146 ({Predecessor:} 15. Bf3 exf4 16. Bxf4 {½-½ (25) Lampert,J (2299)-Nikolov,M (2542) Bad Wiessee 2012}) 15... Nd7 (15... Bb8 $1 $15) 16. O-O-O Bb7 17. h4 {[#]} (17. Bh5 $1 $11 Qh4 18. Bxg6 Qxg3 19. Bxf7+ $1 {[%mdl 512]} Kxf7 20. hxg3) 17... Bb8 $1 $17 18. h5 Bxe5 19. Qe3 Bf4 (19... Ne7 $17 {Strongly threatening ...b4.} 20. Bf3 Bxf3 21. gxf3 Qc7) 20. Qd4 $15 Be5 (20... Bxd2+ $11 21. Rxd2 Nge5) 21. Qe3 $1 $17 Bf4 (21... Ne7 $17 {Hoping for ...b4.} 22. Bf3 Bxf3 23. gxf3 Qc7) 22. Qd4 $11 Be5 {Accuracy: White = 45%, Black = 33%.} 1/2-1/2

[Event "8th Holuj-Radzikowska 2018"]
[Site "Wroclaw"]
[Date "2018.12.06"]
[Round "3"]
[White "Warakomska, Anna"]
[Black "Skripchenko, Almira"]
[Result "0-1"]
[WhiteElo "2233"]
[BlackElo "2408"]
[Annotator "TA"]
[PlyCount "86"]
[EventDate "2018.11.26"]
[EventType "schev"]
[EventCountry "POL"]
[SourceTitle "playchess.com"]
[Source "ChessBase"]
[SourceQuality "1"]
[WhiteTeam "Poland"]
[BlackTeam "World"]
[WhiteTeamCountry "POL"]

{[%evp 10,85,0,10,17,0,60,61,61,65,55,-49,-64,-70,-17,-39,-30,-31,-15,-57,-36,-73,-22,-23,-19,-20,-19,-47,-19,-40,-23,-27,-8,-27,-22,-32,-16,-37,-7,-54,-14,-70,-47,-98,-83,-98,29,45,50,-160,-153,-153,-81,-83,-76,-74,-75,-78,-79,-65,-80,-171,-168,-180,-185,-193,-193,-193,-191,-29995,-29996,-29996,-29997,-29997,-29998,-29998,-29999,-29999]} 1. e4 d6 2. d4 Nf6 3. Nc3 e5 4. Nf3 Nbd7 5. Rg1 (5. Bc4 Be7 6. a4 O-O 7. O-O c6 8. Re1 b6 9. h3 a6 10. Ba2 Rb8 11. Be3 b5 12. axb5 axb5 13. b4 Bb7 14. Bb3 exd4 15. Nxd4 d5 16. exd5 Bxb4 17. Bd2 cxd5 18. Ncxb5 Bxd2 19. Qxd2 {½-½ (30) Kryvoruchko,Y (2705)-Laznicka,V (2671) Brest 2018}) 5... c6 6. g4 {LiveBook: 13 Games. C41: Philidor Defence} Qa5 7. Qe2 h6 $146 (7... Qb6 $11) ({Predecessor:} 7... g6 8. g5 Nh5 9. Be3 b5 10. Qd2 b4 11. Ne2 Bb7 12. dxe5 dxe5 {1-0 (47) Doros,R (2338)-Sadilek,P (2233) Arad 2011}) 8. Bd2 $14 {White is slightly better.} Qb6 9. O-O-O $1 exd4 10. e5 (10. Na4 $14 Qc7 11. Nxd4) 10... dxe5 $15 11. Nxe5 Nxe5 (11... Be7 $15 12. Na4 Qc7) 12. Qxe5+ $11 Be6 $1 13. Na4 Qd8 14. Bf4 Qd5 {Hoping for ...Qxe5.} 15. Rxd4 Qxe5 (15... Qxa2 $17 {...Nd5 is the strong threat.} 16. Qc7 Be7) 16. Bxe5 Be7 17. h4 Nd7 18. Bg3 O-O-O (18... Bxa2 $6 19. b3 $14) (18... Bf6 $5 {[%cal Rf6d4]} 19. Rb4 b5 $15) 19. Be2 Bf6 $36 {[%mdl 2048] Black is more active.} 20. Rd6 {Threatening mate with Rxc6+!} Bd5 (20... Be5 {feels hotter.} 21. Rdd1 Rhe8 22. a3 Bd5 23. Bxe5 Nxe5 24. g5 Bf3) 21. c4 Be6 22. Rgd1 Be7 23. R6d4 Rde8 24. R4d2 f5 (24... h5 $5 25. g5 (25. gxh5 Nf6 $11) 25... f6 $11) 25. f3 (25. gxf5 $11 Bxf5 26. Bd3 Bxd3 27. Rxd3) 25... Bf6 26. Rc2 (26. gxf5 $15 Bxf5 27. Nc3) 26... fxg4 $17 27. fxg4 {[#]} Ne5 (27... g5 $1 $17 28. h5 Rhf8) 28. Nc5 $11 Bxg4 29. Bxg4+ $2 (29. Ne4 $1 $14 {was forced to keep a grip.} Rd8 30. Bxg4+ (30. Rxd8+ Rxd8 31. Bxg4+ Nxg4 $11) 30... Nxg4 31. Nd6+ Rxd6 32. Rxd6) 29... Nxg4 $17 30. Rd7 {aiming for Rc7+.} Be5 ({Better is} 30... Ne5 31. Rd1 (31. Rxb7 $2 Nd3+ {[%mdl 64] Double Attack} 32. Kb1 Nxc5 $19) 31... Nf3) 31. Bxe5 Rxe5 32. Rxg7 Ne3 33. Nd3 Re4 34. Rf2 Rd8 ({But not} 34... Rxh4 35. Rff7 $11) 35. Kd2 (35. b3 $17) 35... Nxc4+ $19 36. Kc3 Rxh4 37. b3 Rh3 38. Kxc4 {Black must now prevent Nc5.} Rhxd3 {KRR-KRR} 39. Rff7 $2 {[#]} (39. Rf4 $19) 39... R8d4+ {Black mates.} 40. Kc5 b6+ 41. Kxc6 Rc3+ 42. Kb5 Rc5+ 43. Ka6 Ra5# {Accuracy: White = 39%, Black = 42%.} 0-1

[Event "8th Holuj-Radzikowska 2018"]
[Site "Wroclaw"]
[Date "2018.12.07"]
[Round "4"]
[White "Harika, Dronavalli"]
[Black "Kulon, Klaudia"]
[Result "0-1"]
[WhiteElo "2494"]
[BlackElo "2333"]
[Annotator "TA"]
[PlyCount "104"]
[EventDate "2018.11.26"]
[EventType "schev"]
[EventCountry "POL"]
[SourceTitle "playchess.com"]
[Source "ChessBase"]
[SourceQuality "1"]
[WhiteTeam "World"]
[BlackTeam "Poland"]
[BlackTeamCountry "POL"]

{[%evp 22,104,25,24,27,-10,0,4,12,0,-5,-5,-16,-14,-5,-11,-10,-14,0,-19,18,-9,-8,-6,0,-20,-17,-11,-16,-33,-33,-31,-31,-36,-39,-82,-82,-82,-82,-82,-82,-83,-83,-81,-81,-156,-150,-238,-221,-253,-236,-277,-252,-364,-348,-392,-392,-392,-392,-526,-392,-527,-392,-390,0,-510,-472,-5933,-12796,-1238,-720,-29979,-29980,-29988,-29984,-29984,-29985,-29993,-29970,-29989,-29983,-29983,-29982,-29994,-29995]} 1. d4 Nf6 2. Nf3 g6 3. g3 Bg7 4. Bg2 O-O 5. O-O d6 6. b3 e5 7. dxe5 dxe5 8. Ba3 Re8 {A49: 1 d4 Nf6 2 Nf3 g6 3 g3: Anti-King's Indian systems} (8... Qxd1 9. Rxd1 Re8 10. c4 e4 11. Nd4 e3 12. f3 Na6 13. Nc3 c6 14. Rac1 h5 15. h4 Bf8 16. Bxf8 Kxf8 {½-½ (47) Vidit,S (2693)-Le,Q (2739) Tbilisi 2017}) 9. Qxd8 Rxd8 10. Nc3 Nc6 11. Rad1 Bf5 12. Nh4 {LiveBook: 11 Games} Be6 13. Nb5 $146 ({Predecessor:} 13. Bxc6 bxc6 14. e4 Nd7 15. f3 Bf8 16. Bxf8 Kxf8 {1-0 (24) Vujadinovic,M (2071)-Pereira,C (2000) IECG email 2000}) 13... Ne8 {[%cal Bf6e8,Be8d6,Bd6b5][%mdl 32]} 14. Bxc6 bxc6 15. Nc3 Nd6 16. Na4 Nb5 17. Be7 Re8 18. Bc5 Bh3 19. Rfe1 e4 20. Ng2 g5 21. Be3 h6 22. c4 Nc3 23. Nxc3 Bxc3 24. Bd2 Be5 25. Ne3 a5 26. Rc1 Red8 $36 {[%mdl 2048] Black fights for an advantage.} 27. Red1 a4 28. Be1 Rxd1 29. Nxd1 axb3 30. axb3 Ra2 31. Nc3 Bxc3 32. Bxc3 Rxe2 $17 {[%mdl 4096] Endgame KRB-KRB} 33. Re1 {[#]} ({White should try} 33. b4) 33... Rc2 $1 {[%cal Rc2c3]} 34. Ba5 {[#]} (34. Bf6 $17 {was worth a try.}) 34... f5 $1 $19 35. Bxc7 Rb2 36. Bb6 Rxb3 37. Be3 (37. Ba5 $142) 37... Kf7 38. Rd1 Kg6 39. Re1 Kh5 40. Bd4 Rd3 41. Be3 Rc3 42. Rc1 Rd3 43. Re1 $1 Kg4 44. f4 (44. Bc5 $142 f4 45. Rc1) 44... Kf3 45. Bb6 gxf4 46. gxf4 e3 {[%cal Be4e3,Be3e2][%mdl 32] Black mates.} 47. Bc7 e2 48. Bb6 Rd1 {[%cal Rd1e1]} 49. Ba5 Rd4 50. c5 h5 51. Bc7 Rd5 52. Bb6 Rd7 {Accuracy: White = 37%, Black = 81%.} 0-1